Truyện ngắn hay 2001-2002

محفوظ في:
التفاصيل البيبلوغرافية
التنسيق: Sách giấy
اللغة:Vietnamese
منشور في: H. : Văn học, 2002
الموضوعات:
الوسوم: إضافة وسم
لا توجد وسوم, كن أول من يضع وسما على هذه التسجيلة!
Thư viện lưu trữ: Thư viện Trường Đại học Đà Lạt
LEADER 00728nam a2200301 4500
001 DLU030021741
005 ##20021230
008 ##021230t vn z000 vie d
040 # # |a DLU  |b vie 
041 # # |a vie 
044 # # |a vn 
082 # # |a 895.922 3  |b Tru 
245 # # |a Truyện ngắn hay 2001-2002 
260 # # |a H. :  |b Văn học,  |c 2002 
300 # # |a 344 tr. ;  |c 19 cm 
653 # # |a Sưu tập văn học 
653 # # |a Truyện ngắn 
653 # # |a Văn học hiện đại 
653 # # |a Văn học Việt Nam 
992 # # |a 33000 
994 # # |a DLU 
900 # # |a True 
911 # # |a Thái Thị Thanh Thủy 
925 # # |a G 
926 # # |a A 
927 # # |a SH 
980 # # |a Thư viện Trường Đại học Đà Lạt